Premier league (English soccer league) winners quiz - Statistics

General Stats
  • This quiz has been taken 2,926 times
    1,195 since last reset
  • The average score is 15 of 24
Answer Stats
Titles Team % Correct
20 Manchester United
100%
19 Liverpool
99%
9 Manchester City
99%
13 Arsenal
98%
6 Chelsea
96%
2 Tottenham Hotspur
86%
7 Aston Villa
82%
1 Leicester City
82%
1 Nottingham Forest
76%
9 Everton
74%
4 Newcastle United
73%
3 Blackburn Rovers
67%
3 Leeds United
59%
3 Wolverhampton Wanderers
57%
6 Sunderland
48%
2 Burnley
39%
1 Ipswich Town
34%
1 Sheffield United
34%
4 Sheffield Wednesday
34%
2 Derby County
31%
1 West Bromwich Albion
30%
2 Preston North End
28%
2 Portsmouth
24%
3 Huddersfield Town
21%
No matching quizzes found
Score Distribution
Percent of People with Each Score
Percentile by Number Answered
Your Score History
You have not taken this quiz since the last reset